Svetlo z hlbín jáchymovských lágrov

Bibliographic Details
Main Author: Srholec, Anton, 1929-2016 (Author)
Format: Book
Language:Slovak
PhysicalDescription:162 s. ilustr. 21 cm
Published: Prešov Michal Vaško 1996
ISBN:8071650684
Edition:2. vyd.
Subjects:

MARC

LEADER 00000cam a2200000 a 4500
001 vtls001223346
003 SK-MaSNL
005 20260426001355.0
008 240313s1996 xo a g 000 fdslo
015 |a SNBA1997/0200402 
020 |a 8071650684  |q (brož.) 
035 |a SNK000169369 
035 |a urn:nbn:sk:snk-amjbws 
035 |a urn:nbn:sk:snk-am003oqv 
035 |a C52B56FC-5DC5-49A5-B3F4-CDDD3516625B 
040 |a SNK  |b slo  |c SNK  |e AACR2 
041 0 |a slo 
044 |a xo  |c SK 
080 |a 885.4-94  |2 1981 
080 |a 929 Srholec, Anton  |2 1981 
100 1 |a Srholec, Anton,  |d 1929-2016  |4 aut  |9 119840 
245 1 0 |a Svetlo z hlbín jáchymovských lágrov  |c Anton Srholec 
250 |a 2. vyd. 
260 |a Prešov  |b Michal Vaško  |c 1996 
300 |a 162 s.  |b ilustr.  |c 21 cm 
600 1 7 |a Srholec, Anton,  |d 1929-2016  |2 SNKMA  |9 119840 
650 0 7 |a pracovné tábory  |2 SNKPH  |9 2655 
650 0 7 |a slovenská literatúra  |2 SNKPH  |9 1115 
650 0 7 |a spomienky  |2 SNKPH  |9 55795 
651 7 |a Jáchymov (Karlovy Vary, Česko)  |2 SNKPHgeo  |9 206955 
655 7 |a biografie  |2 SNKPH  |9 27965 
919 |a 80-7165-068-4 
958 |a TL 
958 |a BX 
958 |a LX 
999 |c 883613  |d 885543 
952 |t P60, <09>, [BOOK], {629}  |a SNK  |b SNK  |y NEVYP  |7 0  |o snkC 3181  |i snk4170/961127  |0 0  |1 0  |4 0  |d 1996-11-25  |l 0  |r 2005-01-01 00:00:00  |w 2026-02-24 
952 |a SNK  |b SNK  |y PREZ  |7 0  |p 17A0022065  |o snkSD 68197  |i snkKSP 10277/96  |0 0  |1 0  |4 0  |d 1996-11-25  |l 0  |r 2005-01-01 00:00:00  |w 2026-02-24 
952 |a SNK  |b SNK  |y VYP  |7 0  |p 17A0022064  |o snkSD 68197 D1  |i snkKSP 10278/96  |0 0  |1 0  |4 0  |d 1996-11-25  |f 1  |l 0  |r 2005-01-01 00:00:00  |w 2026-02-24